000 00506nam a2200157Ia 4500
999 _c27011
_d27011
041 _aEnglish
082 _aRP.0317
100 _aPattnaik, Itishree
_uGujarat Institute of Development Research
245 0 _aChallenges of feminized agriculture in India /
_cItishree Pattnaik
260 _aNew Delhi :
_bIndian Council of Social Science Research,
_c2017
300 _aix, 141p
650 _aFeminized agriculture
_zIndia
650 _aGender identity
700 _aDutt-Lahiri, Kuntalal
942 _2ddc
_cBK